Robust control design (ROCOND'97) : a proceedings volume from the IFAC symposium, Budapest, Hungary, 25-27 June 1997 /

Bibliographic Details
Corporate Authors: ROCOND'97 Budapest, Hungary, International Federation of Automatic Control
Other Authors: Bányász, Csilla
Format: Conference Proceeding Book
Language:English
Published: Oxford ; New York : Published for the International Federation of Automatic Control by Elsevier, 1997.
Edition:1st ed.
Subjects:

MARC

Tag First Indicator Second Indicator Subfields
LEADER 00000cam a2200000 a 4500
001 in00001455310
005 20151020170236.0
008 971204s1997 enka b 101 0 eng
010 |a  97050627  
020 |a 0080426069 
035 |a (OCoLC)38073387 
035 |9 AJC7460AM 
040 |a DLC  |c DLC  |d TXA  |d UtOrBLW 
049 |a TXAM 
050 0 0 |a TJ212.2  |b .R65 1997 
082 0 0 |a 629.8  |2 21 
111 2 |a ROCOND'97  |d (1997 :  |c Budapest, Hungary) 
245 1 0 |a Robust control design (ROCOND'97) :  |b a proceedings volume from the IFAC symposium, Budapest, Hungary, 25-27 June 1997 /  |c edited by Cs. Bányász. 
250 |a 1st ed. 
264 1 |a Oxford ;  |a New York :  |b Published for the International Federation of Automatic Control by Elsevier,  |c 1997. 
300 |a ix, 510 pages :  |b illustrations ;  |c 30 cm. 
336 |a text  |b txt  |2 rdacontent 
337 |a unmediated  |b n  |2 rdamedia 
338 |a volume  |b nc  |2 rdacarrier 
504 |a Includes bibliographical references and index. 
650 0 |a Automatic control  |v Congresses. 
700 1 |a Bányász, Csilla. 
710 2 |a International Federation of Automatic Control. 
948 |a c:ktn 
999 |a MARS 
999 f f |s e74acedb-9f7b-389b-9181-ea8dbf166dc7  |i 53c2c879-0317-3bb1-aad2-c9b4c8b67931  |t 0 
952 f f |p ric  |a Texas A&M University  |b Rellis Campus  |c Joint Library Facility  |d Remote Storage  |t 0  |e TJ212.2 .R65 1997  |h Library of Congress classification  |i unmediated -- volume  |m A14823693706 
998 f f |a TJ212.2 .R65 1997  |t 0  |l Remote Storage